Bisessualità : Nuova frontiera dell'eros /

Saved in:
Bibliografiske detaljer
Hovedforfatter: Olivari, Gino (Author)
Format: Bog
Sprog:italiensk
Udgivet: Milano : Todariana, 1981
Serier:Luoghi saggistici
Fag:
Tags: Tilføj Tag
Ingen Tags, Vær først til at tagge denne postø!

MARC

LEADER 00000nam a22000007i 4500
001 IT\ICCU\UBO\0101219
003 ItRI
005 20251124212738.0
008 930408s1981 it |||||| ||||| |||||c
020 |a 8870150925 
040 |b ita  |c CDM 
041 7 |a ita  |2 ISO-639-2 
082 |a 155.334  |2 20 
100 1 |a Olivari, Gino  |0 IT\ICCU\CFIV\006313  |4 aut 
245 1 0 |a Bisessualità :  |b Nuova frontiera dell'eros /  |c Gino Olivari. 
260 |a Milano :  |b Todariana,  |c 1981 
300 |a 155 p. :  |b ill. ;  |c 21 cm. 
650 7 |a Sessuologia 
650 7 |a Transessualismo 
830 0 |a Luoghi saggistici  |0 IT\ICCU\CFI\0003941 
942 |2 ddc  |c BK 
952 |0 0  |1 0  |2 ddc  |4 0  |6 155_334000000000000_OLI_BIS  |7 1  |9 1558  |a RA  |b RA  |d 2024-07-03  |l 0  |o 155.334 OLI BIS  |p 9307  |r 2024-07-03 10:50:20  |w 2024-07-03  |y BK 
952 |0 0  |1 0  |2 ddc  |4 0  |6 155_334000000000000_OLI  |7 1  |9 9969  |a RM  |b RM  |d 2025-11-24  |l 0  |o 155.334 OLI  |p 931  |r 2025-11-24 18:42:06  |w 2025-11-24  |y BK 
981 1 |6 z01  |a i   |b xxxe  
982 1 |6 z01  |a n 
999 |c 1375  |d 1375